| 000 | 00506nam a2200169 i 4500 | ||
|---|---|---|---|
| 001 | 50783 | ||
| 003 | ES-MaACL | ||
| 005 | 20240117062947.0 | ||
| 007 | t| | ||
| 008 | 030806s1921 fr ||||1| fre d | ||
| 100 |
_aChallaye, Felicien, _d1875-1967 _9186620 |
||
| 245 | 1 | 3 |
_aLa Chine et le Japon politiques / _cFelicien Challaye. |
| 260 |
_aParis : _b[s.n.], _c1921 ( _eEvreux : _fCh. Herissey) |
||
| 300 |
_aVIII, 324 p. ; _c19 cm. |
||
| 852 |
_aES-MaACL _jF-12834 |
||
| 999 |
_c50783 _d50783 |
||